00663nam a2200241 a 4500001001300000003000900013005001700022008004100039020001000080082002000090100001900110245002200129260005200151300000900203500003500212505001000247650001500257700001900272902000800291942000700299952010000306999001500406nice12345678IN_TiNIC20260116011603.0050524s1900 lona grp 000 0 urd  ac10000a220.591439bBIS aBible, Society aKitab-I-Muqaddas. aLondonbBritish and Foreign Bible Societyc1900 a374p aincludes index and biblioraphy2 aIndex aBible-Urdu1 aBible, Society bSRS cBK 00104070aHMIbHMId2007-06-15g100.00l0o220.591439 BISp1806r2007-06-15w2026-01-16yARB c2762d2762